Los Intelectuales y el poder: elaboración desde la comunidad para la construcción de las luchas populares /
Se analiza diversas etapas de la historia de la República Dominicana, comenzando por las insurrecciones durante la época de la conquista y colonización, los alzamientos de negros escalvos. Luego se estudian los proyectos de una cadena de dictaduras anexionitas, de protectorados y de vocación neocolo...
Đã lưu trong:
| Tác giả chính: | |
|---|---|
| Định dạng: | Texto |
| Những chủ đề: | |
| Các nhãn: |
Thêm thẻ
Không có thẻ, Là người đầu tiên thẻ bản ghi này!
|
MARC
| LEADER | 00000 a a2200000 04500 | ||
|---|---|---|---|
| 001 | 2916 | ||
| 003 | |||
| 040 | |||
| 100 | |a Fiallo Billini, José Antinoe | ||
| 245 | |a Los Intelectuales y el poder: |b elaboración desde la comunidad para la construcción de las luchas populares / |c José Antinoe Fiallo Billini | ||
| 520 | |a Se analiza diversas etapas de la historia de la República Dominicana, comenzando por las insurrecciones durante la época de la conquista y colonización, los alzamientos de negros escalvos. Luego se estudian los proyectos de una cadena de dictaduras anexionitas, de protectorados y de vocación neocolonial. A continuación el surgimiento de sociedades secretas político-militar como la Trinitaria, alzamientos y gerras guerrilleras gavilleros durante la ocupación yanki de 1915-1926. Por fin el nacimiento de partidos políticos actuales. Después de esta visión histórica, esta lección de los hecho, se presentan alternativas de compromisos socioculturales y sociopolíticos transformadores | ||
| 650 | |a INTELECTUALES | ||
| 650 | |a PODER POLITICO | ||
| 650 | |a CONFLICTOS POLITICOS | ||
| 773 | |g volumen 29, número 3; páginas 366-379 | ||
| 999 | |c 30589 |d 30589 | ||
